| 000 | 00552nam a2200217 a 4500 | ||
|---|---|---|---|
| 001 | BRCA_6419 | ||
| 005 | 20190320205439.0 | ||
| 008 | 200911s1878----gw-#######---#000-0#ger-# | ||
| 041 | _ager | ||
| 044 | _agw | ||
| 050 | 4 |
_aB2780 _b.K44 1878 |
|
| 100 | 1 |
_aKant, Immanuel _d1724-1804 _916042 |
|
| 245 | 1 | 0 |
_aKritik der Urtheilskraft _cvon Immanuel Kant. |
| 260 |
_aLeipzig _bPhilipp Reclam _c1878 |
||
| 300 |
_a391 p. _c14 cm. |
||
| 500 | _aL4 | ||
| 650 | 1 | 4 |
_aJuicio Lógico _916043 |
| 650 | 1 | 4 |
_aInteligencia _916044 |
| 902 | _aGFM | ||
| 942 |
_2lcc _cB |
||
| 999 |
_c6104 _d6104 |
||